00396 2200157 4500001002100000005001500021035002000036245005100056100002100107300002600128260002800154082000800182084001400190020002200204990001200226INLIS00000000000300420250918090633 a0010-09250003511 aKesambit Nyi Roro Kidal /cT. Sandi Situmorang0 aSandi Situmorang a161 hlm ;c13 x 19 cm aJakarta :bZettu,c2012 a813 a813 SAN k a978-602-1827-12-3 a0755629